000 00482nam a2200193Ia 4500
005 20250423101443.0
008 250422s9999 xx 000 0 und d
020 _a9781138651982
050 _aNA 2750 .S23/
100 _aSandaker, Bjørn Normann
245 4 _aThe structural basis of architecture
250 _a3rd ed.
260 _aLondon
260 _bRoutledge
260 _c2019
300 _a560 p
650 _aArchitectural design. Structural design
942 _cBK
999 _c36344
_d36344